Identify the brand - Cars - Statistics

General Stats
  • This quiz has been taken 67 times
  • The average score is 10 of 12
Answer Stats
Picture Answer % Correct
Lamborghini
95%
Volkswagen
95%
BMW
93%
Honda
92%
Mercedes-Benz
88%
Bugatti
87%
Renault
85%
Nissan
83%
Seat
75%
Pagani
72%
Skoda
72%
Jaguar
65%
No matching quizzes found
Score Distribution
Percent of People with Each Score
Percentile by Number Answered
Your Score History
You have not taken this quiz